| 000 | 01119cam a2200349 a 4500 | ||
|---|---|---|---|
| 001 | 496641 | ||
| 003 | OSt | ||
| 005 | 20140310184503.0 | ||
| 008 | 860527s1986 nyua j 000 0 eng | ||
| 010 | _a 85002218 | ||
| 020 | _a0394874714 | ||
| 040 |
_aDLC _cDLC _dDLC |
||
| 042 | _alcac | ||
| 050 | 1 | 0 |
_aQL 638.9 _b.C59 1986 |
| 100 | 1 |
_aCole, Joanna. _94006 |
|
| 245 | 1 | 0 |
_aHungry, hungry sharks / _cby Joanna Cole ; illustrated by Patricia Wynne. |
| 260 |
_aNew York : _bRandom House, _c1986 |
||
| 300 |
_a46 p. : _bcol. ill. ; _c23 cm. |
||
| 490 | 1 | _aStep into reading. A Step 2 book | |
| 520 | _aA simple discussion of the kinds of sharks and their behaviour. | ||
| 521 | _aG4 | ||
| 526 | _c410 | ||
| 562 | _e1 | ||
| 650 | 0 |
_aSharks _xJuvenile literature. _928797 |
|
| 650 | 1 |
_aSharks. _928228 |
|
| 700 | 1 |
_aWynne, Patricia, _eill. _928798 |
|
| 830 | 0 |
_aStep into reading. _pStep 2 book. _928799 |
|
| 856 | 4 | 2 |
_3Publisher description _uhttp://www.loc.gov/catdir/description/random0411/85002218.html |
| 906 |
_a7 _bcbu _corignew _d1 _eocip _f19 _gy-gencatlg |
||
| 942 |
_2lcc _cBK-SCHOLAS |
||
| 999 |
_c34780 _d34780 |
||